[Event "4th London Classic Open"]
[Site "London ENG"]
[Date "2012.12.08"]
[Round "8"]
[White "Rogers, Tim L"]
[Black "Dror, Levi"]
[Result "1/2-1/2"]
[WhiteElo "1979"]
[BlackElo "1782"]
[WhiteFideId "418137"]
[BlackFideId "2809583"]
[EventDate "2012.12.01"]

1. e4 c5 2. Nf3 d6 3. d4 cxd4 4. Nxd4 Nf6 5. Nc3 a6 6. Be3 e5 7. Nb3 Be7 8. f3
Be6 9. Qd2 Nbd7 10. O-O-O O-O 11. g4 b5 12. Rg1 Nb6 13. g5 Nh5 14. Nd5 Nxd5 15.
exd5 Bf5 16. Bd3 Qd7 17. Na5 Rfc8 18. Nc6 Bf8 19. Be4 Rc7 20. Qd3 g6 21. h4 1/2-1/2

[Event "4th London Classic Open"]
[Site "London ENG"]
[Date "2012.12.08"]
[Round "8"]
[White "Kreuzer, Christopher R L"]
[Black "Baterdene, Tsogbayar"]
[Result "1/2-1/2"]
[WhiteElo "1977"]
[BlackElo "1673"]
[WhiteFideId "470589"]
[BlackFideId "4901592"]
[EventDate "2012.12.01"]

1. e4 c5 2. Nf3 d6 3. d4 cxd4 4. Nxd4 Nf6 5. Nc3 a6 6. Be2 e6 7. Be3 Qc7 8. O-O
b5 9. a3 Bb7 10. f3 Nbd7 11. Qe1 d5 12. Qf2 Bd6 13. g3 O-O 14. exd5 Nxd5 15. Ne4
Be5 16. Bd3 Nxe3 17. Qxe3 Nf6 18. Nxf6+ Bxf6 19. c3 Rfd8 20. Be4 1/2-1/2

[Event "4th London Classic Open"]
[Site "London ENG"]
[Date "2012.12.08"]
[Round "8"]
[White "Watson, Darrell A"]
[Black "Takahashi, Reiji"]
[Result "0-1"]
[WhiteElo "1758"]
[BlackElo "2079"]
[WhiteFideId "420476"]
[BlackFideId "7000880"]
[EventDate "2012.12.01"]

1. d4 Nf6 2. g3 g6 3. Bg2 Bg7 4. e4 d6 5. h3 O-O 6. Be3 e5 7. d5 c5 8. Qd2 Na6
9. a3 Bd7 10. Bh6 Qb6 11. b3 Bxh6 12. Qxh6 c4 13. Nd2 cxb3 14. Nxb3 Rac8 15. Rc1
Nc5 16. Nxc5 Rxc5 17. Ne2 Bb5 18. Qh4 Kg7 19. Bf3 Qa5+ 20. Kf1 Qxa3 21. Kg2 Rfc8
22. Ra1 Qb2 23. c4 Bxc4 24. Rhb1 Qd2 25. Ng1 g5 26. Rd1 gxh4 27. Rxd2 a5 28. Rb2
Bd3 29. gxh4 Bxe4 30. Rxb7 Bxd5 31. Bxd5 Nxd5 32. Nf3 Nf4+ 33. Kg3 h6 34. Kg4
Kf6 35. Ng5 hxg5 36. hxg5+ Kg6 37. h4 Rc3 38. Rxa5 R8c4 39. f3 Nh5+ 40. Kh3
Rxf3+ 41. Kg2 Rg3+ 42. Kf2 Rc2+ 43. Kf1 Rh3 44. Kg1 Ng3 45. h5+ Kxh5 0-1

[Event "4th London Classic Open"]
[Site "London ENG"]
[Date "2012.12.08"]
[Round "8"]
[White "Siddharth, Gopakumar"]
[Black "De Lagontrie, Jean"]
[Result "1/2-1/2"]
[WhiteElo "2054"]
[BlackElo "1858"]
[WhiteFideId "5053463"]
[BlackFideId "605271"]
[EventDate "2012.12.01"]

1. e4 e6 2. d4 d5 3. exd5 exd5 4. Nf3 Bd6 5. c4 c6 6. Nc3 Ne7 7. cxd5 cxd5 8.
Bd3 h6 9. h3 O-O 10. O-O Nbc6 11. a3 a6 12. b4 Be6 13. Na4 Bf5 14. Bb2 Rc8 15.
Bxf5 Nxf5 16. Qd3 Nfe7 17. Rac1 Ng6 18. g3 Re8 19. Kg2 Bb8 20. Rc2 Nce7 21. Nc5
Rc7 22. Rfc1 Qd6 23. Ne5 Nxe5 24. dxe5 Qg6 25. Qxg6 Nxg6 26. f4 Rec8 27. Rd2 Ne7
28. Re1 Ba7 29. Bd4 Bxc5 30. Bxc5 g6 31. g4 d4 32. Rxd4 Nc6 33. Rd6 Na5 34. Red1
Nc4 35. Rd8+ Kg7 36. Rxc8 Rxc8 37. Rd3 Rc6 38. Rc3 b5 39. a4 f6 40. axb5 axb5
41. exf6+ Kxf6 42. Rd3 Ke6 43. Kf3 Ra6 44. h4 h5 45. Rd8 Ra1 1/2-1/2

[Event "4th London Classic Open"]
[Site "London ENG"]
[Date "2012.12.08"]
[Round "8"]
[White "Nettleton, Charlie B"]
[Black "Cannon, Raymond C"]
[Result "1-0"]
[WhiteElo "1845"]
[BlackElo "1998"]
[WhiteFideId "419710"]
[BlackFideId "408018"]
[EventDate "2012.12.01"]

1. d4 Nf6 2. Nf3 c5 3. g3 cxd4 4. Nxd4 d5 5. Bg2 e5 6. Nb3 Nc6 7. O-O Be7 8. Bg5
Be6 9. Nc3 d4 10. Bxf6 gxf6 11. Ne4 O-O 12. c3 Qb6 13. cxd4 Bxb3 14. Qxb3 Qxb3
15. axb3 Nxd4 16. Nc3 Nxb3 17. Rad1 Nd4 18. e3 Nc6 19. Rd7 Bb4 20. Nd5 Kg7 21.
Nc7 Rab8 22. Ne6+ Kg6 23. Nxf8+ Bxf8 24. Bd5 Nd8 25. Rc1 a5 26. Rcc7 b5 27.
Bxf7+ Kf5 28. Bd5 h6 29. h4 e4 30. Bb3 h5 31. Rd5+ Kg6 32. Ra7 Nc6 33. Ra6 Nb4
34. Rg5+ Kh7 35. Rxf6 1-0

[Event "4th London Classic Open"]
[Site "London ENG"]
[Date "2012.12.08"]
[Round "8"]
[White "Dydak, Mateusz"]
[Black "Gupta, Arul"]
[Result "1-0"]
[WhiteElo "1992"]
[BlackElo "1761"]
[WhiteFideId "2612305"]
[BlackFideId "422622"]
[EventDate "2012.12.01"]

1. e4 e5 2. Nc3 Nf6 3. f4 d5 4. fxe5 Nxe4 5. Qf3 Nc6 6. Nxe4 Nd4 7. Qc3 dxe4 8.
Ne2 Nc6 9. Ng3 Qd5 10. Bc4 Qxe5 11. O-O Bc5+ 12. Kh1 O-O 13. Qxe5 Nxe5 14. Nxe4
Nxc4 15. Nxc5 b6 16. d3 Nd6 17. Nb3 Bb7 18. Bf4 Rad8 19. Rae1 f6 20. Re7 Rf7 21.
Rfe1 Rd7 22. Bxd6 Rxd6 23. Kg1 Rd7 24. R7e3 Bd5 25. c4 Bc6 26. d4 Ba4 27. d5
Bxb3 28. axb3 a5 29. Kf2 f5 30. h4 g6 31. Kf3 Kf8 32. Re8+ Kg7 33. Kf4 h6 34.
R1e6 Rf6 35. Ke5 Rdf7 36. Rxf6 Rxf6 37. Rg8+ Kxg8 38. Kxf6 Kh7 39. h5 gxh5 40.
Kxf5 h4 41. Ke6 Kg6 42. Kd7 Kf5 43. Kxc7 Kf4 44. d6 Kg3 45. d7 Kxg2 46. d8=Q h3
47. Kxb6 h2 48. c5 h1=Q 49. Qd5+ 1-0

[Event "4th London Classic Open"]
[Site "London ENG"]
[Date "2012.12.08"]
[Round "8"]
[White "Gates, David A"]
[Black "Millward, Kevin P"]
[Result "0-1"]
[WhiteElo "1705"]
[BlackElo "1969"]
[WhiteFideId "415723"]
[BlackFideId "404721"]
[EventDate "2012.12.01"]

1. e4 g6 2. Nf3 Bg7 3. c3 d6 4. d4 Nd7 5. Bd3 e6 6. Bc2 Ne7 7. Be3 b6 8. Qd2 h6
9. Qe2 Bb7 10. Nbd2 Nf6 11. h3 Qd7 12. Bf4 a6 13. Bh2 b5 14. O-O O-O 15. e5 Ne8
16. Ne4 f5 17. Ned2 d5 18. Nb3 Qc6 19. Nc5 a5 20. h4 b4 21. Ba4 Qb6 22. Qe3 Bc8
23. Bd7 Qa7 24. Bxc8 Rxc8 25. Nxe6 Rf7 26. Nxg7 Rxg7 27. Qxh6 c5 28. Rfe1 cxd4
29. cxd4 Rc2 30. b3 Qb6 31. Bf4 Nc7 32. Bg3 Rh7 33. Qe3 Rc3 34. Qd2 Nb5 35. Ng5
Rh5 36. Rad1 Na3 37. Rc1 Nb5 38. Red1 Qc6 39. Bf4 Rxh4 40. g3 Rh5 41. Kg2 Qb6
42. Nf3 Rxc1 43. Rxc1 Nc3 44. a4 Ne4 45. Qc2 Nc3 46. Bd2 Ne4 47. Qc7 Qe6 48.
Qd8+ Kf7 49. Rc7 f4 50. Rxe7+ Qxe7 51. Qxd5+ Qe6 52. Qb7+ Kg8 53. Qa8+ Kh7 54.
Qb7+ Kh6 55. Bxf4+ g5 56. Nxg5 Nxg5 57. Bxg5+ Rxg5 58. f4 Rg7 59. Qf3 Qf5 60. d5
Qc2+ 61. Kh3 Qf5+ 62. g4 Qc2 63. d6 Qc3 64. g5+ Kg6 65. Kg4 Qxf3+ 66. Kxf3 Kf5
67. Ke3 Rh7 68. Kd4 Rh1 69. Kc5 Rc1+ 70. Kb5 Rb1 71. d7 Rd1 72. Kc6 Ke6 73. f5+
Kxe5 74. Kc7 Rc1+ 75. Kd8 Kxf5 76. Ke7 Re1+ 77. Kd8 Kxg5 78. Kc7 Rc1+ 79. Kd8
Kf6 80. Ke8 Re1+ 81. Kf8 Rd1 82. Ke8 Re1+ 83. Kf8 Rd1 84. Ke8 Ke5 0-1

[Event "4th London Classic Open"]
[Site "London ENG"]
[Date "2012.12.08"]
[Round "8"]
[White "Koch, Alain2"]
[Black "Dale, Finley"]
[Result "1-0"]
[WhiteElo "1960"]
[BlackElo "1691"]
[WhiteFideId "639532"]
[BlackFideId "3213153"]
[EventDate "2012.12.01"]

1. e4 c5 2. Nf3 Nc6 3. d4 cxd4 4. Nxd4 d6 5. Nc3 Nf6 6. Bb5 Bd7 7. O-O e5 8.
Nxc6 Bxc6 9. Re1 Be7 10. Bc4 O-O 11. Nd5 Nxd5 12. Bxd5 Rc8 13. c3 Qd7 14. Be3 b6
15. Rc1 Qb7 16. c4 Bxd5 17. Qxd5 Qxd5 18. cxd5 g6 19. b4 f5 20. f3 f4 21. Bf2 g5
22. b5 Kf7 23. Rc6 Rxc6 24. bxc6 Bd8 25. a4 Bc7 26. Rb1 Ke7 27. a5 Rb8 28. axb6
axb6 29. Ra1 Kd8 30. Kf1 h6 31. Ke2 Kc8 32. Kd3 Kd8 33. Kc4 Kc8 34. Kb5 Kd8 35.
h4 Ke7 36. Ra7 Kd8 37. hxg5 hxg5 38. Ra1 Ke7 39. Rh1 Ra8 40. Rh7+ Kf6 41. Rxc7
Ra5+ 42. Kb4 Ra2 43. Bxb6 Rb2+ 44. Ka5 Rxg2 45. Rh7 1-0

[Event "4th London Classic Open"]
[Site "London ENG"]
[Date "2012.12.08"]
[Round "8"]
[White "Miu, Marinel"]
[Black "O'Molloy, Eamonn"]
[Result "0-1"]
[WhiteElo "1631"]
[BlackElo "1926"]
[WhiteFideId "1220691"]
[BlackFideId "2505843"]
[EventDate "2012.12.01"]

1. c4 e6 2. Nc3 d5 3. cxd5 exd5 4. d4 Nf6 5. g3 c6 6. Bg2 Be7 7. Qb3 O-O 8. Nf3
Nbd7 9. O-O Re8 10. Nd2 Nb6 11. a4 a5 12. e4 dxe4 13. Ndxe4 Nxe4 14. Nxe4 Be6
15. Qd1 Nd5 16. Nc5 Bc8 17. Bd2 Bf6 18. Bc3 b6 19. Nd3 Ba6 20. h4 Rc8 21. Qd2 c5
22. Bxd5 Qxd5 23. Nf4 Qf3 24. d5 Bxc3 25. Qxc3 Qxc3 26. bxc3 Bxf1 27. Kxf1 Rcd8
28. c4 Re4 29. Rc1 Kf8 30. Rc3 Rde8 31. Rb3 Rxc4 32. Rxb6 Rxa4 33. Rb5 Ra1+ 34.
Kg2 c4 35. Rc5 a4 36. Rxc4 a3 37. Ra4 a2 38. Nd3 Rd1 39. Rxa2 Rxd3 40. Rb2 Rd8
41. Ra2 R3xd5 42. Rb2 Rd2 43. Rb3 Rc2 44. Re3 Rdd2 45. Rf3 g6 46. g4 Rd4 47. Rg3
Rf4 0-1

[Event "4th London Classic Open"]
[Site "London ENG"]
[Date "2012.12.08"]
[Round "8"]
[White "French, Angus J"]
[Black "Whatley, Stephen A J"]
[Result "1/2-1/2"]
[WhiteElo "2018"]
[BlackElo "1707"]
[WhiteFideId "410810"]
[BlackFideId "420441"]
[EventDate "2012.12.01"]

1. e4 c5 2. c3 d6 3. d4 Nf6 4. Bd3 g6 5. Be3 cxd4 6. cxd4 Bg7 7. h3 Nc6 8. Nc3
O-O 9. Nf3 a6 10. a3 b5 11. b4 Nd7 12. O-O Bb7 13. Qb3 Rc8 14. Rfc1 h6 15. Ne2
e5 16. a4 exd4 17. Nexd4 Nxd4 18. Bxd4 Bxd4 19. Nxd4 bxa4 20. Qxa4 Qf6 21. Nf3
Qe7 22. Rxc8 Rxc8 23. Re1 Ra8 24. Qa5 Ne5 25. Nxe5 dxe5 26. Bc4 Qd6 27. Bd5 1/2-1/2

[Event "4th London Classic Open"]
[Site "London ENG"]
[Date "2012.12.08"]
[Round "8"]
[White "Marshall, Michael"]
[Black "Kalerwa, Edwin M"]
[Result "1-0"]
[WhiteElo "1898"]
[BlackElo "1783"]
[WhiteFideId "1409956"]
[BlackFideId "422223"]
[EventDate "2012.12.01"]

1. d4 d6 2. Nf3 g6 3. Nc3 Bg7 4. e4 Nf6 5. Be3 O-O 6. Qd2 Ng4 7. Bg5 h6 8. Bh4
Nc6 9. h3 Nf6 10. O-O-O a6 11. g4 Ne8 12. Qe3 b5 13. Bd3 Na5 14. Be2 Nc6 15. Bg3
Bd7 16. e5 Na5 17. d5 c5 18. e6 fxe6 19. dxe6 Bc6 20. Ne4 Nc4 21. Bxc4 bxc4 22.
c3 Qb6 23. Rhe1 Rb8 24. Re2 Nc7 25. Nh4 Kh7 26. Nxd6 Rf6 27. Nxc4 Qb7 28. Na5
Qb6 29. Nxc6 Rxe6 30. Bxc7 Rxe3 31. Bxb6 Rxe2 32. Nxb8 Rxf2 33. Bxc5 1-0

[Event "4th London Classic Open"]
[Site "London ENG"]
[Date "2012.12.08"]
[Round "8"]
[White "Burnham, Frank D"]
[Black "Strand, Oyvin"]
[Result "1-0"]
[WhiteElo "1792"]
[BlackElo "1854"]
[WhiteFideId "419516"]
[BlackFideId "1507230"]
[EventDate "2012.12.01"]

1. e4 g6 2. d4 Bg7 3. f4 d6 4. Nf3 b6 5. Bd3 c5 6. c3 e6 7. O-O Ne7 8. Be3 O-O
9. Nbd2 Qc7 10. Qe2 Nd7 11. Rac1 Bb7 12. g4 Rae8 13. Qf2 Nf6 14. Qh4 a6 15. Kf2
b5 16. Rg1 e5 17. dxe5 dxe5 18. fxe5 Nd7 19. Bh6 Nxe5 20. Nxe5 Qxe5 21. Nf3 Qf6
22. Bg5 Qe6 23. Rce1 f6 24. Bh6 Qxa2 25. Re2 Qf7 26. Be3 c4 27. Bc2 Nc8 28. Bc5
Ne7 29. Rg3 g5 30. Qh3 Rd8 31. Nd4 Ng6 32. Bxf8 Bxf8 33. Qf1 Bc5 34. Rd2 Qe6 35.
Qe1 Nf4 36. h3 Qb6 37. Qd1 Re8 38. Re3 Re7 39. Qf3 Rd7 40. Qd1 h5 41. gxh5 Rh7
42. Qg4 Rxh5 43. Qd7 Bxd4 44. Rxd4 Bc6 45. Qe7 1-0

[Event "4th London Classic Open"]
[Site "London ENG"]
[Date "2012.12.08"]
[Round "8"]
[White "Clayton, Tristan"]
[Black "Haddock, Paul"]
[Result "1-0"]
[WhiteElo "1830"]
[BlackElo "1665"]
[WhiteFideId "416533"]
[BlackFideId "419150"]
[EventDate "2012.12.01"]

1. e4 e6 2. d4 d5 3. Nd2 c5 4. c3 Nc6 5. Ngf3 Nf6 6. e5 Nd7 7. Be2 cxd4 8. cxd4
f6 9. exf6 Nxf6 10. O-O Bd6 11. Bd3 O-O 12. Qe2 Bd7 13. Nb3 Rc8 14. Ne5 Qc7 15.
f4 Nb4 16. Nxd7 Qxd7 17. Bb5 Qe7 18. a3 Nc6 19. Bd3 a5 20. Be3 a4 21. Nd2 Na5
22. Rac1 Nb3 23. Rxc8 Rxc8 24. Nxb3 axb3 25. Qd1 Qc7 26. Qxb3 Ng4 27. Bd2 Qf7
28. Qd1 Nf6 29. Qf3 Qc7 30. Re1 Re8 31. Rc1 Qb6 32. Bc3 e5 33. fxe5 Bxe5 34. Kh1
Bxd4 35. Bxh7+ Nxh7 36. Qxd5+ Qe6 37. Qxe6+ Rxe6 38. Bxd4 Re2 39. h3 Nf6 40.
Bxf6 gxf6 41. Rc8+ Kf7 42. Rc7+ Ke6 43. Rxb7 Kf5 44. Rb4 Kg5 45. Kh2 f5 46. Rb3
f4 47. a4 Re3 48. Rxe3 fxe3 49. Kg3 1-0

[Event "4th London Classic Open"]
[Site "London ENG"]
[Date "2012.12.08"]
[Round "8"]
[White "Chilton, James I"]
[Black "Kane, Robert"]
[Result "0-1"]
[WhiteElo "1779"]
[BlackElo "1827"]
[WhiteFideId "423009"]
[BlackFideId "420468"]
[EventDate "2012.12.01"]

1. e4 c5 2. Nf3 Nc6 3. d4 cxd4 4. Nxd4 Qb6 5. Nb3 Nf6 6. Nc3 e6 7. Be3 Qc7 8. a3
a6 9. f4 d6 10. Be2 b5 11. Bf3 Bb7 12. Qd2 Be7 13. Qf2 Nd7 14. O-O-O O-O 15. Nd4
b4 16. Nxc6 Bxc6 17. axb4 Rfb8 18. Bd2 a5 19. b5 Bxb5 20. e5 d5 21. Be3 Bc6 22.
Bd4 a4 23. Na2 Bb5 24. Kd2 Qc6 25. Ra1 Rc8 26. Rhc1 Qc7 27. Be2 Nc5 28. Ke3 Ne4
29. Qf1 Bc5 30. c3 Bxe2 31. Qxe2 Qb6 32. Rd1 a3 33. Rab1 Qb3 34. Nc1 Bxd4+ 35.
Rxd4 Qb6 36. Qc2 axb2 37. Nd3 Nxc3 38. Rxb2 Nb5 39. Qb1 Qxd4+ 40. Kf3 Ra3 41.
Rb3 Rxb3 42. Qxb3 Rc3 43. Qa2 Qxd3+ 44. Kg4 Qf5+ 45. Kh4 Qxf4+ 46. g4 Qh6# 0-1

[Event "4th London Classic Open"]
[Site "London ENG"]
[Date "2012.12.08"]
[Round "8"]
[White "Bratteteig, Tore-Inge"]
[Black "Campbell, Eoin"]
[Result "0-1"]
[WhiteElo "1684"]
[BlackElo "1819"]
[WhiteFideId "1510711"]
[BlackFideId "2400740"]
[EventDate "2012.12.01"]

1. d4 Nf6 2. c4 g6 3. Nf3 Bg7 4. g3 O-O 5. Bg2 d5 6. Nc3 dxc4 7. Qa4 Nc6 8. Qxc4
Be6 9. Qa4 Nd5 10. Nxd5 Bxd5 11. e3 e5 12. O-O exd4 13. exd4 Nxd4 14. Nxd4 Bxg2
15. Kxg2 Qxd4 16. Qxd4 Bxd4 17. Bf4 c5 18. Rab1 Rfe8 19. Kf3 Re6 20. b4 c4 21.
Rfd1 Bf6 22. a4 c3 23. Rd7 b6 24. Rc7 Rd8 25. Be3 Kg7 26. h4 Rd3 27. Kg2 Rexe3
28. fxe3 Rd2+ 29. Kf3 Be5 30. Rc4 a6 31. Rc1 Ra2 32. b5 axb5 33. axb5 Rb2 34.
R1xc3 Bxc3 35. Rxc3 Rxb5 36. e4 h5 37. Rc6 Rb3+ 38. Kf4 Kf8 39. Ke5 Rxg3 40.
Rxb6 Rg4 41. Kd5 Rxh4 42. e5 Rh1 43. Rb8+ Kg7 44. Rb7 Rd1+ 45. Ke4 Re1+ 46. Kf4
Kh6 47. Rb8 g5+ 48. Kf5 Rf1+ 49. Ke4 Kg7 50. Rb7 g4 51. Rb2 Kg6 52. Rb8 Kg5 53.
Rg8+ Kh4 54. Rf8 Kg3 55. Kd5 h4 56. Kd6 Kg2 57. Ke7 h3 58. Rg8 g3 0-1

[Event "4th London Classic Open"]
[Site "London ENG"]
[Date "2012.12.08"]
[Round "8"]
[White "Shierlaw, Hamish"]
[Black "Rusek, Walter"]
[Result "0-1"]
[WhiteElo "1582"]
[BlackElo "1831"]
[WhiteFideId "4301765"]
[BlackFideId "1612700"]
[EventDate "2012.12.01"]

1. e4 e6 2. d4 d5 3. Nd2 dxe4 4. Nxe4 Bd7 5. Nf3 Bc6 6. Bd3 Nd7 7. O-O Ngf6 8.
Qe2 Nxe4 9. Bxe4 Bxe4 10. Qxe4 c6 11. c4 Nf6 12. Qe2 Be7 13. Bf4 O-O 14. Rfe1
Qa5 15. a3 Qf5 16. Bg3 Rac8 17. Rac1 Rfd8 18. Red1 Ne4 19. Be5 Ng5 20. Nh4 Nh3+
21. gxh3 Bxh4 22. Kg2 Bf6 23. Qg4 Qg6 24. Qxg6 hxg6 25. Bxf6 gxf6 26. Kf3 Kg7
27. Ke4 Rh8 28. Rd3 Rh5 29. Kf3 Rxh3+ 30. Ke2 Rxd3 31. Kxd3 Rh8 32. Rh1 Rh3+ 33.
Kd2 Kh6 34. Ke2 Kh5 35. f3 g5 36. Kf2 Rh4 37. Ke3 Kg6 38. h3 f5 39. b3 Kf6 40.
a4 a5 41. Kd3 Ke7 42. Ke3 g4 43. Kf4 Rxh3 44. Rxh3 gxh3 45. Kg3 e5 46. dxe5 f4+
47. Kxh3 Ke6 48. Kg4 Kxe5 49. Kg5 c5 50. Kg4 f6 51. Kh5 Kd4 52. Kg4 Ke3 0-1

[Event "4th London Classic Open"]
[Site "London ENG"]
[Date "2012.12.08"]
[Round "8"]
[White "Parry, Jacques"]
[Black "Lie, Terje"]
[Result "1-0"]
[WhiteElo "1809"]
[BlackElo "1595"]
[WhiteFideId "425923"]
[BlackFideId "1504916"]
[EventDate "2012.12.01"]

1. e4 d6 2. d4 Nf6 3. Nc3 g6 4. Nf3 Bg7 5. h3 Nc6 6. Be3 e5 7. dxe5 Nxe5 8. Nxe5
dxe5 9. Qxd8+ Kxd8 10. O-O-O+ Ke7 11. Bc5+ Ke8 12. Bb5+ c6 13. Bd3 Bf8 14. Be3
h5 15. Bg5 Bh6 16. Bxh6 Rxh6 17. Rhe1 Be6 18. a3 Ke7 19. Nb1 Rhh8 20. Nd2 Nd7
21. Bc4 Rhd8 22. Bxe6 Kxe6 23. Nf3 f6 24. Nh4 Nf8 25. Rxd8 Rxd8 26. Rd1 Rd4 27.
f3 f5 28. Rxd4 exd4 29. exf5+ gxf5 30. Kd2 Ke5 31. g3 f4 32. g4 hxg4 33. hxg4 c5
34. Kd3 b5 35. b3 Ne6 36. Ng6+ Kf6 37. Nh4 Ng5 38. c3 dxc3 39. Kxc3 Ne6 40. Nf5
Ke5 41. Kd3 a6 42. Kc3 Ng5 43. Nh4 Kd5 44. Kd3 a5 45. Kc3 Ke6 46. Kd3 Kf6 47.
Ke2 Ne6 48. Nf5 Ke5 49. Kd3 Nc7 50. Ne7 Kd6 51. Ng6 Ne6 52. Ke4 Nd4 53. b4 axb4
54. axb4 Ne6 55. bxc5+ Kxc5 56. Nxf4 Ng5+ 57. Ke3 Nxf3 58. Kxf3 Kd4 59. g5 b4
60. Ke2 b3 61. Kd2 Ke5 62. g6 Kf6 63. Kc3 b2 64. Kxb2 Kg7 65. Kc3 Kf6 66. Kd4
Ke7 67. Ke5 Kf8 68. Kf6 Kg8 69. g7 Kh7 70. Kf7 1-0

[Event "4th London Classic Open"]
[Site "London ENG"]
[Date "2012.12.08"]
[Round "8"]
[White "Altman, Joshua"]
[Black "Reutimann, Hans Peter"]
[Result "1/2-1/2"]
[WhiteTitle "CM"]
[WhiteElo "1555"]
[BlackElo "1783"]
[WhiteFideId "426210"]
[BlackFideId "1313886"]
[EventDate "2012.12.01"]

1. d4 d5 2. Nf3 Nf6 3. Bg5 Bf5 4. e3 Nbd7 5. Nbd2 c6 6. c4 Qa5 7. Bxf6 Nxf6 8.
Be2 e6 9. O-O Be7 10. Ne5 O-O 11. a3 Qd8 12. f4 c5 13. Ndf3 cxd4 14. exd4 dxc4
15. Bxc4 Qb6 16. Qd2 Rfd8 17. Rad1 Ne4 18. Qe2 Rac8 19. Rc1 Nd6 20. Ba2 Rxc1 21.
Rxc1 a6 22. Rd1 h6 23. b4 Nb5 24. Qe3 Qa7 25. g4 Bh7 26. Nxf7 Kxf7 27. Qxe6+ Ke8
28. Qf7+ Kd7 29. Ne5+ Kc8 30. Qxe7 Nxd4 31. Kf1 Qb6 32. Rc1+ Nc6 33. Be6+ Kb8
34. Nd7+ Rxd7 35. Qxd7 Qe3 36. Qd6+ Ka8 37. Rd1 Qf3+ 38. Kg1 Qe3+ 1/2-1/2

[Event "4th London Classic Open"]
[Site "London ENG"]
[Date "2012.12.08"]
[Round "8"]
[White "Kroezen, Roland"]
[Black "Spychala, Josefa"]
[Result "1-0"]
[WhiteElo "1726"]
[BlackElo "1521"]
[WhiteFideId "1016091"]
[BlackFideId "1136208"]
[EventDate "2012.12.01"]

1. e4 c5 2. b3 Nf6 3. Nc3 e6 4. Bb2 Nc6 5. Nf3 d6 6. Bb5 Bd7 7. Bxc6 Bxc6 8. d3
Be7 9. O-O O-O 10. Re1 e5 11. Ne2 Rc8 12. c4 Re8 13. Ng3 Bd7 14. h3 a6 15. a4 b5
16. axb5 axb5 17. Bc1 bxc4 18. bxc4 h6 19. Bd2 Ra8 20. Qc2 Qc7 21. Reb1 Rxa1 22.
Rxa1 Rb8 23. Rb1 Rxb1+ 24. Qxb1 Qa7 25. Nf1 Qa3 26. Ne3 Bf8 27. Ne1 Ba4 28. N3c2
Bxc2 29. Qxc2 Qa1 30. g3 Qa7 31. Kg2 Nd7 32. f4 f6 33. f5 Nb8 34. Nf3 Nc6 35.
Qb2 Be7 36. h4 Kf7 37. g4 Qa4 38. Qb1 Nb4 39. Bxb4 cxb4 40. Nd2 Bd8 41. Kf3 Bb6
42. Qb3 Qxb3 43. Nxb3 Bd4 44. h5 Bc3 45. Ke3 Ke7 46. Ke2 Kd7 47. Kd1 Kc6 48. Kc2
Kb6 49. Nc1 Ka5 50. Kb3 Be1 51. Ne2 Bf2 52. Nc1 Be1 53. Na2 Bd2 54. Kc2 Bf4 55.
Kb3 Be3 56. Nxb4 Bc5 57. Nc6+ Kb6 58. Nd8 Kc7 59. Ne6+ Kd7 60. Nxg7 Ke7 61. Ne6
Bb6 62. Kb4 Kd7 63. c5 dxc5+ 64. Nxc5+ Ke7 65. Kb5 Ba7 66. Kc6 Bb8 67. Na6 Bd6
68. Nc7 Ba3 69. Nd5+ Kf7 70. Kd7 Bc1 71. Nb6 Bg5 72. Nc8 Be3 73. Nd6+ Kf8 74.
Ke6 Bg5 75. Nb5 Ke8 76. d4 exd4 77. Nxd4 Kf8 78. Nf3 Kg7 79. Nxg5 fxg5 80. Ke7
Kh7 81. f6 Kg8 82. f7+ Kh7 83. e5 1-0

[Event "4th London Classic Open"]
[Site "London ENG"]
[Date "2012.12.09"]
[Round "9"]
[White "Sadzikowski, Daniel"]
[Black "Szabo, Bence"]
[Result "1-0"]
[WhiteTitle "IM"]
[WhiteElo "2449"]
[BlackElo "2365"]
[WhiteFideId "1132253"]
[BlackFideId "733776"]
[EventDate "2012.12.01"]

1. d4 Nf6 2. c4 e6 3. Nf3 b6 4. g3 Ba6 5. Qb3 Nc6 6. Nbd2 Na5 7. Qa4 Bb7 8. Bg2
c5 9. dxc5 bxc5 10. O-O Qc7 11. Rd1 Be7 12. Nb3 Nxb3 13. axb3 O-O 14. Bf4 d6 15.
Qa5 Qb8 16. b4 cxb4 17. Qxb4 Rd8 18. Qa5 Qc8 19. Rdc1 Be4 20. b4 Qb7 21. Bf1 e5
22. Bg5 d5 23. c5 h6 24. Bxf6 Bxf6 25. Bh3 d4 26. b5 Qe7 27. c6 Rf8 28. Nd2 Bg6
29. c7 Rac8 30. Bxc8 Rxc8 31. Qxa7 e4 32. Qb7 1-0

[Event "4th London Classic Open"]
[Site "London ENG"]
[Date "2012.12.09"]
[Round "9"]
[White "Hanley, Craig A"]
[Black "Radovanovic, Jovica"]
[Result "1-0"]
[WhiteTitle "IM"]
[BlackTitle "FM"]
[WhiteElo "2412"]
[BlackElo "2361"]
[WhiteFideId "408514"]
[BlackFideId "915912"]
[EventDate "2012.12.01"]

1. d4 Nf6 2. c4 g6 3. g3 Bg7 4. Bg2 O-O 5. Nc3 c6 6. e4 d6 7. Nf3 Bg4 8. h3 Bxf3
9. Bxf3 Nfd7 10. Be3 c5 11. d5 Nb6 12. Be2 e6 13. Qd2 exd5 14. exd5 N8d7 15. b3
Ne5 16. Rc1 f5 17. O-O Nbd7 18. f4 Nf7 19. Rfe1 Re8 20. Bf3 Rxe3 21. Rxe3 Bd4
22. Re1 Qf8 23. Nb5 Bxe3+ 24. Qxe3 a6 25. Nc7 Rc8 26. Ne6 Qe7 27. Qc3 Qf6 28.
Qa5 Kh8 29. Qd2 h6 30. Kh2 b5 31. Qa5 b4 32. Qxa6 Rg8 33. Qa7 Nf8 34. Re2 Nh7
35. Rg2 Nf8 36. Re2 Nh7 37. Qd7 Nf8 38. Qa7 g5 39. Bh5 Ng6 40. Rg2 gxf4 41. gxf4
Nh4 42. Rxg8+ Kxg8 43. Bxf7+ Qxf7 44. Qb8+ Kh7 45. Qxd6 Nf3+ 46. Kg2 Ne1+ 47.
Kf2 Nd3+ 48. Ke3 Qg8 49. Qe7+ Kg6 50. Nf8+ Kh5 51. Qe8+ 1-0

[Event "4th London Classic Open"]
[Site "London ENG"]
[Date "2012.12.09"]
[Round "9"]
[White "Gullaksen, Eirik"]
[Black "Richardson, John R"]
[Result "1-0"]
[WhiteTitle "IM"]
[BlackTitle "FM"]
[WhiteElo "2384"]
[BlackElo "2320"]
[WhiteFideId "1500945"]
[BlackFideId "401617"]
[EventDate "2012.12.01"]

1. d4 Nf6 2. c4 e6 3. Nf3 d5 4. Nc3 Bb4 5. cxd5 exd5 6. Bg5 O-O 7. e3 c5 8. Be2
Nbd7 9. O-O Bxc3 10. bxc3 Qa5 11. c4 Ne4 12. cxd5 Nc3 13. Qd2 Nxe2+ 14. Qxe2
cxd4 15. e4 b6 16. Nxd4 Ba6 17. Qg4 Ne5 18. Qg3 Bxf1 19. Qxe5 Qc3 20. Rxf1 Rae8
21. Be7 Rxe7 22. Qxe7 Qxd4 23. h3 Qa4 24. d6 Re8 25. Qc7 Qd4 26. d7 Rf8 27. Rc1
b5 28. Qc8 Qd2 29. Rc5 Qd1+ 30. Kh2 Qd6+ 31. e5 Qb6 32. Rc7 Qd4 33. Qe8 1-0